|
|
|
|
| LEADER |
00912ncm a22002412a 4500 |
| 001 |
001215470 |
| 003 |
CZ BrMZK |
| 005 |
20130524105319.0 |
| 007 |
qu |
| 008 |
120522s1957 xr |||||||||||||||||zxx d |
| 040 |
|
|
|a BOA001
|b cze
|
| 072 |
|
7 |
|a 787
|x Hudba pro strunné a smyčcové nástroje
|2 Konspekt
|9 9
|
| 100 |
1 |
|
|a Martinů, Bohuslav,
|d 1890-1959
|7 jk01080381
|4 cmp
|
| 245 |
1 |
0 |
|a 3. sonata
|h [hudebnina] :
|b violoncello a piano (1952) /
|c Bohuslav Martinů ; rev. František Smetana
|
| 250 |
|
|
|a 1. vyd. SNKLHU
|
| 260 |
|
|
|a Praha :
|b Artia,
|c 1957
|
| 300 |
|
|
|a 15, 92 s.
|
| 700 |
1 |
|
|a Smetana, František,
|d 1914-2004
|7 hka0001878
|4 edt
|
| 910 |
|
|
|a BOA001
|b Mus4-0389.983
|
| 990 |
|
|
|a MU
|
| 991 |
|
|
|b 201205
|
| 996 |
6 |
|
|b 2619619693
|c Mus4-0389.983
|l MZK
|r Sklad / do 1 hodiny
|n 0
|w 001249031
|u 000020
|a 1
|e BOA001
|j MZK50
|s P
|
| 996 |
7 |
|
|b 2619619694
|c Mus4-0389.983
|l MZK
|r Sklad / do 1 hodiny
|n 0
|w 001249031
|u 000010
|a 1
|e BOA001
|j MZK50
|s A
|